Statistics for Animals that Start with M

Click here to take the quiz!

General Stats

  • This quiz has been taken 52,675 times
  • The average score is 15 of 22

Answer Stats

Clue Animal % Correct
Insect that spreads malariaMosquito
94%
Butterfly relativeMoth
92%
Ice age relative of elephantsMammoth
91%
Largest type of deerMoose
89%
Blind, burrowing mammalMole
87%
Not a creature was stirring, not even a ...Mouse
85%
Donkey-horse hybridMule
84%
Female horseMare
80%
Arthropod that should have 1,000 feetMillipede
80%
Class of animal that nurses its youngMammal
77%
Huge ocean rayManta Ray
74%
Common type of duck.
The males have green heads
Mallard
74%
Sea cowManatee
72%
Larva of a flyMaggot
63%
Well-known orange and black butterflyMonarch Butterfly
62%
CougarMountain Lion
58%
Mammal known for killing venomous snakesMongoose
55%
Sure-footed animal of the RockiesMountain Goat
55%
Songbird that mimics
the sounds of other animals
Mockingbird
54%
Tiny arthropod that thrives in mattressesMite
51%
Huge flightless bird of New Zealand -
hunted to extinction by Māori
Moa
28%
Large Arctic animal
that forms defensive circles
Musk Ox
15%

Score Distribution

Percentile by Number Answered

Percent of People with Each Score

Your Score History

You have not taken this quiz